Diagnosis and Treatment of Small Bowel Disorders (Record no. 28179)

MARC details
000 -LEADER
fixed length control field 01145nam a2200121Ia 4500
008 - FIXED-LENGTH DATA ELEMENTS--GENERAL INFORMATION
fixed length control field 220620s9999||||xx |||||||||||||| ||und||
245 #0 - TITLE STATEMENT
Title Diagnosis and Treatment of Small Bowel Disorders
546 ## - LANGUAGE NOTE
Language note English[eng]
650 ## - SUBJECT ADDED ENTRY--TOPICAL TERM
Topical term or geographic name entry element capsule endoscopy||Crohn’s disease||mucosal healing||small bowel||gut brain axis||microbiota||functional gastrointestinal disorders||inflammatory bowel disease (IBD)||adult stem cells||surgical site infections (SSIs)||probiotics||prebiotics||synbiotics||surgery||adverse events||meta-analysis||systematic review||hyperspectral imaging||multispectral imaging||clinical diagnosis||biomedical optical imaging||gastroenterology||medical diagnostic imaging||small-bowel mass||small-bowel bulge||video capsule endoscopy||cystic fibrosis||gut microbiota||intestinal inflammation||fecal calprotectin||dysbiosis index||celiac disease||biomarker||serology||enteropathy||n/a||colon cancer||cancer risk||collagenous colitis||lung cancer||microscopic colitis||skin cancer||squamous cell carcinoma
700 ## - ADDED ENTRY--PERSONAL NAME
Personal name Koulaouzidis, Anastasios||Marlicz, Wojciech
856 ## - ELECTRONIC LOCATION AND ACCESS
Uniform Resource Identifier <a href="https://mdpi.com/books/pdfview/book/3353">https://mdpi.com/books/pdfview/book/3353</a>
942 ## - ADDED ENTRY ELEMENTS (KOHA)
Koha item type E-Books
Holdings
Withdrawn status Lost status Damaged status Not for loan Home library Current library Date acquired Total Checkouts Date last seen Price effective from Koha item type
        Kerala University of Digital Sciences, Innovation and Technology Knowledge Centre Kerala University of Digital Sciences, Innovation and Technology Knowledge Centre 20/06/2022   20/06/2022 20/06/2022 E-Books